00601nam a22001817a 450000500170000000800410001702000180005804000180007608200210009410000200011524500660013525000120020126000350021330000310024865000440027965000520032365000440037520250328090015.0250328b |||||||| |||| 00| 0 eng d a9781032963624 cAIMIT LIBRARY 21a658.802bEVAB aEvans, Brian J. aSimple guide to technology and analytics /cBy Brian J Evans. a1st ed. aNew York :bCRC Press ,c2025. axxxvi,287p. ;bPBc24.4 cm aPattern recognition and its application aAverage track and prediction of future location aTrack prediction in sports and industry